[Event "Le Touquet op-B 19th"]
[Site "Le Touquet"]
[Date "2004.10.29"]
[Round "7"]
[White "Dumortier, Freddy"]
[Black "Gimard, Yves"]
[Result "0-1"]
[WhiteElo "1350"]
[BlackElo "1510"]
[PlyCount "56"]
[EventDate "2004.10.25"]
[EventType "swiss"]
[EventRounds "9"]
[EventCountry "FRA"]
[SourceTitle "EXT 2006"]
[Source "ChessBase"]
[SourceDate "2005.11.24"]
[SourceVersion "1"]
[SourceVersionDate "2005.11.24"]
[SourceQuality "1"]

1. e4 c6 2. d4 d5 3. exd5 cxd5 4. Nf3 Nc6 5. c4 e6 6. a3 Nf6 7. Nc3 Be7 8. b4 dxc4 9. Bxc4 0-0 10. 0-0 Bd6 11. Re1 a6 12. Bb2 Qc7 13. Bb3 Bd7 14. Ne5 Ne7 15. f4 Rad8 16. Rc1 Qb8 17. Qf3 Bc6 18. Nxc6 Nxc6 19. Rf1 Nxd4 20. Qg3 Nxb3 21. Ne4 Nh5 22. Nf6+ Nxf6 23. Bxf6 g6 24. Qg5 Rfe8 25. Qh6 Bf8 26. Qxh7+ Kxh7 27. Rf3 Bh6 28. Rh3 Qxf4 0-1